000 00491nam a22001697a 4500
003 NUST
038 _aNusrat Nadeem
082 _a200
100 _aAhmad, Bisma
_9123016
245 _aOn Shadow Removal from Images/
_cBisma Ahmad
264 _aIslamabad,
_bSEECS NUST;
_c2024.
300 _a34,p;
_bill;
_c30,cm.
650 _aMS- Data Science
_9123017
700 _a Supervisor:Dr.Ahmad Salman
_997633
856 _uhttp://10.250.8.41:8080/xmlui/handle/123456789/43476
942 _2ddc
_cTHE
999 _c609354
_d609354